Départ du Tour de France à l'étranger - Statistiques

Statistiques générales
  • Ce quiz a été pris 181 fois
    156 depuis la dernière actualisation
  • Le résultat moyen est 15 sur 25
Statistiques - réponses
Villes Année % Correct
Barcelone 2026 Espagne
93%
Amsterdam 1954 Pays-Bas
88%
Bruxelles 1958 ; 2019 Belgique
88%
Londres 2007 Royaume-Uni
88%
Monaco 2009 Principauté
87%
Bilbao 2023 Espagne
85%
Copenhague 2022 Danemark
84%
Berlin-Ouest 1987 Allemagne
83%
Dublin 1998 Irlande
76%
Rotterdam 2010 Pays-Bas
74%
Liège 2004 ; 2012 Belgique
71%
Utrecht 2015 Pays-Bas
71%
Florence 2024 Italie
70%
Luxembourg 1989 ; 2002 Duché
57%
Düsseldorf 2017 Allemagne
52%
Édimbourg 2027 Royaume-Uni
49%
Leeds 2014 Royaume-Uni
45%
Bâle 1982 Suisse
43%
Francfort-sur-le-Main 1980 Allemagne
38%
Cologne 1965 Allemagne
32%
Saint-Sébastien 1992 Espagne
27%
Charleroi 1975 Belgique
26%
Bois-le-Duc 1996 Pays-Bas
14%
Leyde 1978 Pays-Bas
8%
Schéveningue 1973 Pays-Bas
4%
Aucun quiz correspondant
Distribution des résultats
% des personnes avec chaque résultat
Percentile par nombre de réponses
Votre historique - résultats
Vous n’avez pas pris ce quiz depuis la dernière actualisation